Exaktné metódy normovania a racionalizácie práce v maloobchode kandidátska dizertačná práca

Na minha lista:
Detalhes bibliográficos
Autor principal: Lupták, Dávid
Autor Corporativo: Vysoká škola ekonomická v Bratislave
Outros Autores: Andris, Mikuláš
Formato: Livro
Idioma:eslovaco
Publicado em: Bratislava 1987
Assuntos:
Tags: Adicionar Tag
Sem tags, seja o primeiro a adicionar uma tag!

MARC

LEADER 00000nam a2200000 4500
001 c110804
005 20230116084021.1
041 0 |a slo 
044 |a SK 
245 1 0 |a Exaktné metódy normovania a racionalizácie práce v maloobchode  |b kandidátska dizertačná práca  |c Dávid Lupták ; Mikuláš Andris 
264 1 |a Bratislava  |c 1987 
300 |a 143 s. 
610 2 0 |a racionalizácia práce 
610 2 0 |a racionalizácia predaja 
610 2 0 |a maloobchod 
610 2 0 |a normovanie práce 
610 2 0 |a organizácia práce vedecká 
610 2 0 |a normy 
610 2 0 |a teória obsluhy hromadnej 
100 1 |a Lupták, Dávid 
700 1 |a Andris, Mikuláš 
710 2 |a Vysoká škola ekonomická v Bratislave